Welcome to WEB OPAC of MRSPTU Central Library

Heat and mass transfer data book (Record no. 2701)

MARC details
000 -LEADER
fixed length control field 00368nam a2200145Ia 4500
008 - FIXED-LENGTH DATA ELEMENTS--GENERAL INFORMATION
fixed length control field 230711s9999||||xx |||||||||||||| ||und||
041 ## - LANGUAGE CODE
Language code of text/sound track or separate title ENG
082 ## - DEWEY DECIMAL CLASSIFICATION NUMBER
Classification number 624
Item number KO-H
100 ## - MAIN ENTRY--PERSONAL NAME
Personal name Kothandaraman,C.P
245 #0 - TITLE STATEMENT
Title Heat and mass transfer data book
250 ## - EDITION STATEMENT
Edition statement 1st
260 ## - PUBLICATION, DISTRIBUTION, ETC.
Date of publication, distribution, etc. 1994
Place of publication, distribution, etc. New Delhi
Name of publisher, distributor, etc. Wiley Eastern Limited
650 ## - SUBJECT ADDED ENTRY--TOPICAL TERM
Topical term or geographic name entry element Mechanical Engineering
942 ## - ADDED ENTRY ELEMENTS (KOHA)
Koha item type Book
Holdings
Withdrawn status Lost status Damaged status Not for loan Collection Home library Current library Date acquired Total checkouts Full call number Barcode Date last seen Price effective from Koha item type
          MRSPTU Central Library MRSPTU Central Library     624 KO-H 10454 08/17/2023 08/17/2023 Book
          MRSPTU Central Library MRSPTU Central Library     624 KO-H 10455 08/17/2023 08/17/2023 Book
          MRSPTU Central Library MRSPTU Central Library     624 KO-H 10456 08/17/2023 08/17/2023 Book
          MRSPTU Central Library MRSPTU Central Library     624 KO-H 10457 08/17/2023 08/17/2023 Book
          MRSPTU Central Library MRSPTU Central Library     624 KO-H 10458 08/17/2023 08/17/2023 Book
          MRSPTU Central Library MRSPTU Central Library     624 KO-H 10459 08/17/2023 08/17/2023 Book
          MRSPTU Central Library MRSPTU Central Library     624 KO-H 10460 08/17/2023 08/17/2023 Book
          MRSPTU Central Library MRSPTU Central Library     624 KO-H 10461 08/17/2023 08/17/2023 Book
          MRSPTU Central Library MRSPTU Central Library     624 KO-H 10462 08/17/2023 08/17/2023 Book
          MRSPTU Central Library MRSPTU Central Library     624 KO-H 10463 08/17/2023 08/17/2023 Book

Website Designed and Developed by MRSPTU Central Library Team

E-mail Id: librarian@mrsptu.ac.in